000 01189nam a2200229Ia 4500
003 Ost
005 20260507075043.0
008 260507s9999||||xx |||||||||||||| ||und||
020 _a9957110306
040 _cfsecg
041 _aara
082 _a330
100 _aعبيدات، محمد إبراهيم
_eمؤلف
245 0 _aسلوك المستهلك :
_bمدخل استراتيجي /
_c محمد إبراهيم عبيدات
250 _aطبعة 4
260 _aعمان:
_bدار وائل للنشر,
_c2004
300 _a453 صفحة؛
_bإيضاحات ؛
_c25 سم
520 _aمقدمة في سلوك المستهلك، تجزئة السوق والإحلال السلعي، حاجات ودوافع المستهلك، التعلم وسلوك المستهلك، الإدراك الحسي وسلوك المستهلك، الشخصية وسلوك المستهلك، الاتصالات وسلوك المستهلك، الأسرة وسلوك المستهلك، الجماعات المرجعية وسلوك المستهلك، نشر الابتكارات السلعية وسلوك المستهلك
653 _aالاستهلاك
653 _aالسلوك
942 _cكتاب
999 _c42532
_d42532